| 000 -LEADER | |
|---|---|
| fixed length control field | 00421nam a22001577a 4500 |
| 005 - DATE AND TIME OF LATEST TRANSACTION | |
| control field | 20240108111438.0 |
| 008 - FIXED-LENGTH DATA ELEMENTS--GENERAL INFORMATION | |
| fixed length control field | 190404b xxu||||| |||| 00| 0 eng d |
| 020 ## - INTERNATIONAL STANDARD BOOK NUMBER | |
| ISBN | 978-81-85790-40-4 |
| 041 ## - LANGUAGE CODE | |
| Language code of text/sound track or separate title | eng |
| 100 ## - MAIN ENTRY--AUTHOR NAME | |
| Personal name | GOKHALE,S.B. ,KOKTE,DR. C.K. AND BIDARKAR,DR. D.S |
| 245 ## - TITLE STATEMENT | |
| Title | TEXTBOOK OF PHARMACEUTICAL BIOLOGY |
| 250 ## - EDITION STATEMENT | |
| Edition statement | 9th ED, 2018 |
| 260 ## - PUBLICATION, DISTRIBUTION, ETC. (IMPRINT) | |
| Place of publication | PUNE |
| Name of publisher | NIRALI PRAKASHAN |
| 300 ## - PHYSICAL DESCRIPTION | |
| Number of Pages | 198p, |
| 942 ## - ADDED ENTRY ELEMENTS (KOHA) | |
| Koha item type | Books |
| Lost status | Damaged status | Collection code | Home library | Current library | Shelving location | Date acquired | Source of acquisition | Cost, normal purchase price | Accession Number | Koha item type |
|---|---|---|---|---|---|---|---|---|---|---|
| PHARMACY | JRU Library | JRU Library | SHELF - 17 - I | 04/04/2019 | PURCHESS | 170.00 | 22571 | Books | ||
| PHARMACY | JRU Library | JRU Library | SHELF - 17 - I | 04/04/2019 | PURCHESS | 170.00 | 22572 | Books | ||
| PHARMACY | JRU Library | JRU Library | SHELF - 17 - I | 04/04/2019 | PURCHESS | 170.00 | 22573 | Books | ||
| PHARMACY | JRU Library | JRU Library | SHELF - 17 - I | 04/04/2019 | PURCHESS | 170.00 | 22574 | Books | ||
| Reference | JRU Library | JRU Library | SHELF-5-D | 04/04/2019 | PURCHESS | 170.00 | 22575 | Books |